Catálogo público

Desarrollo de un bolo intra ruminal para la liberación prolongada de yodo y selenio y su evaluación en ganado bovino / (Record no. 168310)

MARC details
000 -CABECERA
campo de control de longitud fija 00841nam a2200265Ia 4500
001 - NÚMERO DE CONTROL
campo de control Z_5246
003 - IDENTIFICADOR DEL NÚMERO DE CONTROL
campo de control CHAP
008 - DATOS DE LONGITUD FIJA--INFORMACIÓN GENERAL
campo de control de longitud fija 220113s2005 xx 000 0 und d
010 ## - NÚMERO DE CONTROL DE LA BIBLIOTECA DEL CONGRESO
Número de control de LC 168310
040 ## - FUENTE DE LA CATALOGACIÓN
Centro/agencia transcriptor CHAP
090 ## - LOCALMENTE ASIGNADO TIPO-LC NÚMERO DE CLASIFICACIÓN (OCLC); NÚMERO DE CLASIFICACIÓN LOCAL (RLIN)
Número de clasificación (OCLC) (R) ; Numero de clasificación, CALL (RLIN) (NR) Tesis A 1860
100 ## - ENTRADA PRINCIPAL--NOMBRE DE PERSONA
Nombre de persona Amador González, Enrique
9 (RLIN) 142573
245 ## - MENCIÓN DE TÍTULO
Título Desarrollo de un bolo intra ruminal para la liberación prolongada de yodo y selenio y su evaluación en ganado bovino /
Mención de responsabilidad, etc. por Enrique Amador González
260 ## - PUBLICACIÓN, DISTRIBUCIÓN, ETC.
Lugar de publicación, distribución, etc. Cuautitlán Izcalli, Méx. :
Nombre del editor, distribuidor, etc. El autor,
Fecha de publicación, distribución, etc. 2005
300 ## - DESCRIPCIÓN FÍSICA
Extensión 139 h.
502 ## - NOTA DE TESIS
Nota de tesis Tesis (Maestro en Ciencias ) -- UNAM. Facultad de Estudios Superiores Cuautitlán
650 ## - PUNTO DE ACCESO ADICIONAL DE MATERIA--TÉRMINO DE MATERIA
Término de materia o nombre geográfico como elemento de entrada Selenio en nutrición
9 (RLIN) 142574
650 ## - PUNTO DE ACCESO ADICIONAL DE MATERIA--TÉRMINO DE MATERIA
Término de materia o nombre geográfico como elemento de entrada Yodo en nutrición animal
9 (RLIN) 142575
901 ## - ELEMENTOS DE DATOS A LOCAL LDA (RLIN)
a TESIS A 1860
902 ## - ELEMENTOS DE DATOS B LOCAL, LDB (RLIN)
a M
910 ## - DATOS DE OPCIÓN DEL USUARIO (OCLC)
Datos de opción del usuario 2005
942 ## - ELEMENTOS DE PUNTO DE ACCESO ADICIONAL (KOHA)
Tipo de ítem Koha Tesis_
942 ## - ELEMENTOS DE PUNTO DE ACCESO ADICIONAL (KOHA)
Tipo de ítem Koha Tesis_
Holdings
Estado de retiro Estado de pérdida Fuente del sistema de clasificación o colocación Estado dañado Restricciones de uso No para préstamo Código de colección Localización permanente Ubicación/localización actual Fecha de adquisición Fuente de adquisición Total de préstamos Signatura topográfica completa Código de barras Fecha visto por última vez Número de copia Precio válido a partir de Tipo de ítem Koha
    Clasificación Universidad Autónoma de Chapingo   Préstamo interno   Tesis Zootecnia Zootecnia 09/11/2005 El autor   Tesis A43 1860 2005 5101003111 18/01/2022 Ej.1 18/01/2022 Tesis